[Event "Challenge"]
[Site "http://www.queenalice.com/game.php?id=310048"]
[Date "2007.11.25"]
[Round "-"]
[White "Catuio"]
[Black "bydelsklovnen"]
[Result "1-0"]
[WhiteElo "1479"]
[BlackElo "1332"]

1. d4 d5 2. Nc3 Nf6 3. Bg5 e6 4. Bxf6 Qxf6 5. e3 Bb4 6. a3 Bxc3+ 7. Ke2 Bxb2 8.
Rb1 Bxa3 9. Rb3 Bd6 10. Nf3 O-O 11. Ke1 1-0

[Event "Challenge 89898"]
[Site "http://www.queenalice.com/game.php?id=310055"]
[Date "2007.11.26"]
[Round "-"]
[White "samuelrmgs"]
[Black "Catuio"]
[Result "1-0"]
[WhiteElo "1230"]
[BlackElo "1349"]

1. d4 d5 2. Bg5 f6 3. Bf4 g5 4. Bg3 c6 5. Bxb8 Rxb8 6. Qd3 Nh6 7. e4 dxe4 8.
Qxe4 f5 9. Qd3 e6 10. d5 exd5 11. Qe2+ Be7 12. Qe3 f4 13. Qe5 Nf7 14. Qxb8 Bf5
15. Qxd8+ Kxd8 16. Bd3 Bxd3 17. cxd3 Ne5 18. a4 1-0

[Event "Challenge"]
[Site "http://www.queenalice.com/game.php?id=310203"]
[Date "2007.11.26"]
[Round "-"]
[White "Catuio"]
[Black "mustangmike"]
[Result "0-1"]
[WhiteElo "1540"]
[BlackElo "1878"]

1. d4 d5 2. e3 e6 3. Bb5+ c6 4. Bd3 Nf6 5. c4 Bb4+ 6. Bd2 a5 7. a3 Bxd2+ 8. Qxd2
O-O 9. cxd5 cxd5 10. Nc3 Bd7 11. b4 axb4 12. axb4 Rxa1+ 13. Bb1 Ne4 14. Qb2 Ra6
15. b5 Rb6 16. Bxe4 dxe4 17. Nge2 Na6 18. bxa6 Rxb2 19. axb7 Rxb7 20. Nxe4 Rb1+
21. Kd2 Rxh1 22. h3 Qa5+ 23. N4c3 Ba4 24. g3 Rd1# 0-1

[Event "Challenge"]
[Site "http://www.queenalice.com/game.php?id=310204"]
[Date "2007.11.26"]
[Round "-"]
[White "Catuio"]
[Black "ninaum"]
[Result "0-1"]
[WhiteElo "1329"]
[BlackElo "1773"]

1. d4 d5 2. e3 Nc6 3. c3 Nf6 4. Bb5 Bd7 5. Bxc6 Bxc6 6. Nf3 g6 7. b4 Bg7 8. Ne5
Bd7 9. Nxd7 Qxd7 10. O-O O-O 11. Nd2 b6 12. Bb2 a5 13. bxa5 Rxa5 14. c4 Rfa8 15.
cxd5 Qxd5 16. a3 e6 17. Qb3 Bf8 0-1

[Event "Challenge"]
[Site "http://www.queenalice.com/game.php?id=310206"]
[Date "2007.11.26"]
[Round "-"]
[White "mustangmike"]
[Black "Catuio"]
[Result "1-0"]
[WhiteElo "1880"]
[BlackElo "1528"]

1. e4 d5 2. Nc3 e6 3. d4 dxe4 4. Nxe4 f5 5. Nc3 Bd6 6. Nf3 Nf6 7. Bd3 Bb4 8. Bd2
Bxc3 9. Bxc3 Nd5 10. Qd2 O-O 11. O-O-O c6 12. Rhe1 Rf6 13. Kb1 Rh6 14. g3 Nxc3+
15. Qxc3 Nd7 16. Ne5 Nxe5 17. dxe5 Rxh2 18. Bxf5 Qe7 19. Be4 Rxf2 20. Rh1 Rg2
21. Bxg2 b5 22. Rdf1 Bd7 23. Qd3 Rf8 24. Qxh7# 1-0

[Event "Challenge"]
[Site "http://www.queenalice.com/game.php?id=310325"]
[Date "2007.11.26"]
[Round "-"]
[White "Catuio"]
[Black "danniel"]
[Result "0-1"]
[WhiteElo "1505"]
[BlackElo "1549"]

1. d4 e6 2. d5 e5 3. e4 Bc5 4. Be3 d6 5. Bxc5 dxc5 6. Nf3 Qf6 7. Bb5+ Bd7 8.
Bxd7+ Nxd7 9. O-O b5 10. Nc3 a6 11. Re1 h5 12. Rc1 h4 13. g3 hxg3 14. hxg3 b4
15. Na4 Qh6 16. c3 Qh1# 0-1

[Event "AUTO-OPEN-916"]
[Site "http://www.queenalice.com/game.php?id=310477"]
[Date "2007.11.26"]
[Round "1"]
[White "Catuio"]
[Black "hautruong"]
[Result "0-1"]
[WhiteElo "1373"]
[BlackElo "1884"]

1. d4 Nf6 2. e3 e6 3. Bc4 d5 4. Bb5+ Bd7 5. Bxd7+ Nbxd7 6. Qf3 Ne4 7. h3 Bd6 8.
Bd2 c5 9. dxc5 Ndxc5 10. Bb4 Qb6 11. Bxc5 Bxc5 12. Nc3 Qxb2 13. Qd1 Nxc3 14. Rb1
Qxb1 15. Qxb1 Nxb1 16. Kd1 Nc3+ 17. Kd2 Nxa2 18. Nf3 Bb4+ 19. Kd3 Nc3 20. Ne5 f6
21. Nf3 Ne4 22. Rb1 a5 23. g3 Nxf2+ 24. Ke2 Nxh3 0-1

[Event "AUTO-OPEN-916"]
[Site "http://www.queenalice.com/game.php?id=310478"]
[Date "2007.11.26"]
[Round "1"]
[White "hautruong"]
[Black "Catuio"]
[Result "1-0"]
[WhiteElo "1884"]
[BlackElo "1327"]

1. d4 d5 2. c4 dxc4 3. e4 f5 4. Bxc4 fxe4 5. Bxg8 Rxg8 6. Qh5+ g6 7. Qxh7 Rg7 8.
Qh8 Kf7 9. Ne2 Rg8 10. Qe5 Qd6 11. Qxe4 Nc6 12. O-O Bf5 13. Qf4 Qxf4 14. Bxf4 g5
15. Bxc7 e6 16. Nbc3 Bd3 17. Rfd1 Bxe2 18. Nxe2 Rc8 19. Bg3 e5 20. dxe5 Nxe5 21.
Rac1 Rxc1 22. Rxc1 Bb4 23. a3 1-0

[Event "AUTO-OPEN-916"]
[Site "http://www.queenalice.com/game.php?id=310479"]
[Date "2007.11.26"]
[Round "1"]
[White "Catuio"]
[Black "alvarogoulart"]
[Result "0-1"]
[WhiteElo "1281"]
[BlackElo "1640"]

1. d4 d5 2. e3 Nc6 3. c3 Bf5 4. Bd3 Bxd3 5. Qxd3 Nf6 6. Nf3 Ne4 7. Qxe4 dxe4 8.
Ng5 Qd5 9. b4 Qxg5 10. f4 Qxg2 11. Rf1 Qxh2 12. Rf2 Qg3 13. Nd2 O-O-O 0-1

[Event "AUTO-OPEN-916"]
[Site "http://www.queenalice.com/game.php?id=310480"]
[Date "2007.11.26"]
[Round "1"]
[White "alvarogoulart"]
[Black "Catuio"]
[Result "1-0"]
[WhiteElo "1642"]
[BlackElo "1279"]

1. e4 d5 2. exd5 Qxd5 3. Nc3 Qe5+ 4. Be2 Bg4 5. d4 Bxe2 6. Ngxe2 Qe6 7. O-O Nc6
8. Bf4 Nf6 9. Bg5 h6 10. Bxf6 exf6 11. d5 Qf5 12. dxc6 bxc6 13. Re1 1-0

[Event "AUTO-OPEN-916"]
[Site "http://www.queenalice.com/game.php?id=310481"]
[Date "2007.11.26"]
[Round "1"]
[White "Catuio"]
[Black "Melhordeupanema"]
[Result "0-1"]
[WhiteElo "1471"]
[BlackElo "1292"]

1. d4 e6 2. d5 d6 3. dxe6 Bxe6 4. Qd4 Nc6 5. Qd1 g6 6. Be3 Bg7 7. Nc3 Bxc3+ 8.
bxc3 Qf6 9. Bd4 Nxd4 10. cxd4 O-O-O 11. e3 Qf5 12. Bd3 Qd5 13. e4 Qxd4 14. f3 d5
15. exd5 Rxd5 16. Ne2 Re5 17. Be4 Qb4+ 18. Qd2 Qb2 19. Rd1 Nf6 20. f4 Nxe4 21.
Qe3 Qb4+ 22. Kf1 Rd5 23. Rxd5 Bxd5 24. Qxa7 Qb1+ 25. Nc1 Bc4+ 26. Ke1 Qxc1# 0-1

[Event "AUTO-OPEN-916"]
[Site "http://www.queenalice.com/game.php?id=310482"]
[Date "2007.11.26"]
[Round "1"]
[White "Melhordeupanema"]
[Black "Catuio"]
[Result "1-0"]
[WhiteElo "1217"]
[BlackElo "1518"]

1. e4 d5 2. Nc3 dxe4 3. Nxe4 Qd5 4. Nc3 Bf5 5. Nxd5 Kd8 6. Qf3 e6 7. Nf6 gxf6 8.
Qxb7 Be4 9. Qxe4 Nc6 10. Qxc6 Rc8 11. Bb5 Ke7 12. Qd7# 1-0

[Event "AUTO-INT-698"]
[Site "http://www.queenalice.com/game.php?id=310645"]
[Date "2007.11.26"]
[Round "1"]
[White "QueenMalice"]
[Black "Catuio"]
[Result "1-0"]
[WhiteElo "1573"]
[BlackElo "1421"]

1. e4 d5 2. e5 f6 3. f4 f5 4. Nf3 e6 5. d4 Bb4+ 6. c3 Ba5 7. Qa4+ Bd7 8. Qxa5 b6
9. Qb4 a5 10. Qb3 a4 11. Qd1 Ne7 12. c4 dxc4 13. Bxc4 b5 14. Bf1 Nbc6 15. Be2
O-O 16. O-O g6 17. Ng5 h6 18. Nh3 g5 19. fxg5 hxg5 20. Nxg5 Ng6 21. Bxb5 1-0

[Event "AUTO-INT-698"]
[Site "http://www.queenalice.com/game.php?id=310646"]
[Date "2007.11.26"]
[Round "1"]
[White "Catuio"]
[Black "QueenMalice"]
[Result "0-1"]
[WhiteElo "1437"]
[BlackElo "1544"]

1. d4 f5 2. e3 Nf6 3. c3 d5 4. Bb5+ Bd7 5. Bxd7+ Qxd7 6. f4 Nc6 7. Nf3 h6 8. Ne5
Nxe5 9. fxe5 Ne4 10. Nd2 O-O-O 11. Nxe4 fxe4 12. O-O e6 13. g3 Be7 14. Rf7 g5
15. h4 gxh4 16. gxh4 Rdg8+ 17. Kf1 Qe8 18. Rf2 Bxh4 19. Rf4 Bg3 20. Rf6 Rf8 21.
Rxf8 Qxf8+ 22. Ke2 Qf2# 0-1

[Event "AUTO-INT-698"]
[Site "http://www.queenalice.com/game.php?id=310661"]
[Date "2007.11.26"]
[Round "1"]
[White "erivaldoadao"]
[Black "Catuio"]
[Result "1-0"]
[WhiteElo "1468"]
[BlackElo "1277"]

1. d4 d5 2. c4 dxc4 3. Nc3 e6 4. e4 Nc6 5. Nf3 Bb4 6. Bd2 Bxc3 7. Bxc3 Nf6 8.
Bxc4 O-O 9. O-O Re8 10. e5 Ng4 11. Nd2 Nxd4 12. Qxg4 f5 13. Qxd4 1-0

[Event "AUTO-INT-698"]
[Site "http://www.queenalice.com/game.php?id=310662"]
[Date "2007.11.26"]
[Round "1"]
[White "Catuio"]
[Black "erivaldoadao"]
[Result "0-1"]
[WhiteElo "1269"]
[BlackElo "1476"]

1. d4 d5 2. e3 Nf6 3. Nf3 g6 4. Bb5+ c6 5. Ba4 Bg7 6. Ne5 O-O 7. O-O Ne4 8. f3
Nd6 9. e4 Bxe5 10. dxe5 Nc4 11. Re1 b5 12. Bb3 Bb7 13. exd5 Qxd5 0-1

[Event "AUTO-INT-698"]
[Site "http://www.queenalice.com/game.php?id=310671"]
[Date "2007.11.26"]
[Round "1"]
[White "stonehengedog"]
[Black "Catuio"]
[Result "1-0"]
[WhiteElo "1509"]
[BlackElo "1386"]

1. d4 d5 2. c4 dxc4 3. e4 e6 4. Bxc4 Bb4+ 5. Nc3 Bxc3+ 6. bxc3 Nf6 7. e5 Ne4 8.
Bb2 f6 9. exf6 gxf6 10. Qh5+ Kd7 11. Qf7+ Kc6 12. Bxe6 Bxe6 13. Qxe6+ Qd6 14.
Qxe4+ Qd5 15. Qxd5+ Kxd5 16. O-O-O Nc6 17. Nf3 Ne7 18. Rhe1 Rhe8 19. Ba3 Nf5 20.
Rxe8 1-0

[Event "AUTO-INT-698"]
[Site "http://www.queenalice.com/game.php?id=310672"]
[Date "2007.11.26"]
[Round "1"]
[White "Catuio"]
[Black "stonehengedog"]
[Result "0-1"]
[WhiteElo "1400"]
[BlackElo "1497"]

1. d4 Nf6 2. e3 d5 3. Bb5+ c6 4. Be2 g6 5. Nf3 Bg7 6. O-O O-O 7. Ne5 Nbd7 8.
Nxd7 Bxd7 9. f4 Ne4 10. Bd3 f5 11. Bxe4 fxe4 12. Nc3 Qc7 13. b3 b5 14. a4 b4 15.
Ne2 a5 16. g3 c5 17. dxc5 Bxa1 18. Nd4 Qxc5 19. Ne2 Bg7 20. Rf2 Bg4 21. Bd2 Bxe2
0-1